000 00508nam a2200097Ia 4500
008 170517s9999 xx 000 0 und d
245 _aVaccines: Calling the Shots
300 _aA growing percentage of parents have genuine concerns over the number of vaccinations recommended for their infants by the medical community. But what are the consequences for all of us if these parents simply refuse to adhere to these...
650 _xTechnology.
856 _uhttp://topdocumentaryfilms.com/vaccines-calling-shots/
999 _c335140
_d335140